000 00761cab a2200265 4500
001 ABS49113
008 090401t1993 xxu||||| |||| 00| 0 eng d
035 _a(Sirsi) u70056
041 _aeng
100 _aCoomber, M.
245 _aLumbering up
260 _c1993
350 _a0
490 _aBuilding
_v258(7806) 6 August 1993, 42-43(2)
520 _aAnalyses the problems caused by the current timber shortage and looks at alternatives to timber for the construction industry.
650 _aGLULAM
650 _aLAMINATED VENEERED LUMBERS
650 _aLVL
650 _aORIENTED STRAND BOARD
650 _aPARALLEL STRAND LUMBERS
650 _aPSL
690 _aBUILT ENVIRONMENT-BUILDING MATERIALS
942 _n0
948 _c04/03/1997
999 _c44070
_d44070